000 00532nam a2200229Ia 4500
003 OSt
005 20221005122209.0
006 a|||||r|||| 00| 0
007 ta
008 221004b |||||||| |||| 00| 0 eng d
024 _a44936
037 _cTextual
040 _aCRL
_cCRL
_beng
041 _2eng
_aeng
082 _aP25g, A4
245 0 _aIntroductory Hebrew method and manual
250 _a11th
260 _c1874
650 _aLINGUISTICS
942 _hP25g, A4
_cTEXL
_2cc
999 _c1043565
_d1043565